| 000 | 00343 a2200109 4500 | ||
|---|---|---|---|
| 020 | _a9698961011 | ||
| 082 | _a340.05491 ISA | ||
| 100 | _aDr Captain U. A. G. Isani | ||
| 245 |
_aManual for University Laws in Pakistan [vol 1] _cDr Captain U. A. G. Isani |
||
| 260 |
_aKarachi : _bIqra University, _c2006 |
||
| 300 |
_axii, 733p. : _bill ., ; _c28 cm |
||
| 650 | _aUniversity Laws | ||
| 999 |
_c355 _d355 |
||